Normal view
MARC view
Entry Personal Name
001 - CONTROL NUMBER
- control field: 41901
003 - CONTROL NUMBER IDENTIFIER
- control field: dpl
005 - DATE AND TIME OF LATEST TRANSACTION
- control field: 20120214122513.0
008 - FIXED-LENGTH DATA ELEMENTS
- fixed length control field: 120214|||a|||||| | ||| d
040 ## - CATALOGING SOURCE
- Original cataloging agency: dpl
- Transcribing agency: dpl
100 ## - HEADING--PERSONAL NAME
- Personal name: लखोटिया,सविता
670 ## - SOURCE DATA FOUND
- Source citation: Work cat.: (dpl)62722: लखोटिया,सविता, भारत की योग विभूतियाँ /, 2004
670 ## - SOURCE DATA FOUND
- Source citation: Work cat.: (dpl)62722: लखोटिया,सविता, भारत की योग विभूतियाँ /, 2004
